000 00638cam a2200217 i 4500
001 3211222
005 20180216032735.0
008 781018s1978 nyua b 001 0 eng
010 _a 78053586
020 _a087488070X
040 _aDLC
_cDLC
_dDLC
041 _aeng
080 _a616.128.076 les
082 0 0 _a616.128.076 les
100 1 _a3
101 _ashm
245 1 0 _aArrhythmias case studies :
_cby Lester B. Jacobson and Nora Goldschlager.
504 _aIncludes bibliographies and index.
906 _a7
_bcbc
_corignew
_d2
_eocip
_f19
_gy-gencatlg
942 _2ddc
_cBK
999 _c42721
_d42721